00666nam a22002297a 450000500170000001000110001702000090002803500110003703700160004804000120006408200130007610000230008924500920011225000110020426000470021527000340026230000240029650000510032065000200037165000250039170000200041620170124110049.0 a527033 c9.60 a527033 bCen Lib/Ret aDPLbEN a658bNEW aNewman, William H. aBusiness policies and central management / cby William H. Newman [and] James P. Logan  a5th ed aBombay bB. Taraporevala Sons & Com c1965 aDadabhai Narji Road bBombay  axi, 948p.c22cm(Hb) aIncludes bibliographical references and index  aBusinees policy aBusiness management  aLogan, James P.